000 00307nam a2200121Ia 4500
008 190216s9999||||xx |||||||||||||| ||und||
100 _aSimeon Potter
245 0 _aLangauge In The Modern World
260 _bAndre Deutsch
_c1975
300 _a199an introduction to
650 _aEnglish Story
942 _cBK
999 _c13166
_d13166